[Event "Sardinia World Open A"]
[Site "Orosei ITA"]
[Date "2026.05.10"]
[Round "9.1"]
[White "Svane, Frederik"]
[Black "Karthikeyan, Murali"]
[Result "1-0"]
[WhiteTitle "GM"]
[BlackTitle "GM"]
[WhiteElo "2645"]
[BlackElo "2648"]
[WhiteFideId "12923044"]
[BlackFideId "5074452"]
[EventDate "2026.05.03"]

1. e4 e5 2. Nf3 Nc6 3. Bb5 Nf6 4. O-O Nxe4 5. Re1 Nd6 6. a4 Be7 7. Nc3 a6 8. Bf1
Nf5 9. Nxe5 Nxe5 10. Rxe5 d6 11. Re1 d5 12. d4 O-O 13. Ne2 c6 14. c3 Re8 15. Nf4
Nd6 16. Nd3 a5 17. Bf4 Bf5 18. Qb3 Bxd3 19. Bxd3 Qd7 20. g3 g6 21. h4 Bf8 22.
Kg2 h5 23. Be5 Bg7 24. Re2 Re7 25. Rae1 Bxe5 26. Rxe5 Rae8 27. Qb6 Rxe5 28. dxe5
Nc4 29. Bxc4 dxc4 30. Qxa5 b5 31. axb5 cxb5 32. Qb6 Qd5+ 33. f3 b4 34. Qe3 bxc3
35. bxc3 Kg7 36. Re2 Qe6 37. Qd4 Re7 38. Rd2 Qxe5 39. Qxc4 Rc7 40. Qd4 Qxd4 41.
cxd4 Kf6 42. Kf2 Rc3 43. Ke2 Ke6 44. Rd3 Rc2+ 45. Ke3 Rg2 46. Kf4 Kd5 47. Ra3
Kxd4 48. Ra7 Kd5 49. Ra6 Rg1 50. Rf6 Rh1 51. Kg5 Rg1 52. g4 Rf1 53. gxh5 Rg1+
54. Kh6 gxh5 55. f4 Rg8 56. Kxh5 Rh8+ 57. Kg5 Ke4 58. Rxf7 Rg8+ 59. Kf6 Rh8 60.
f5 Rxh4 61. Kg5 Rh1 62. Re7+ Kd5 1-0

[Event "Sardinia World Open A"]
[Site "Orosei ITA"]
[Date "2026.05.10"]
[Round "9.3"]
[White "Maghsoodloo, Parham"]
[Black "Prraneeth, Vuppala"]
[Result "1/2-1/2"]
[WhiteTitle "GM"]
[BlackTitle "GM"]
[WhiteElo "2710"]
[BlackElo "2515"]
[WhiteFideId "12539929"]
[BlackFideId "46622373"]
[EventDate "2026.05.03"]

1. c4 e5 2. Nc3 Bb4 3. g3 Bxc3 4. bxc3 d6 5. d3 Nc6 6. Bg2 f5 7. f4 Nf6 8. Nh3
O-O 9. O-O Qe7 10. Nf2 Kh8 11. Rb1 e4 12. Qc2 Re8 13. h3 b6 14. dxe4 Nxe4 15.
Nxe4 fxe4 16. f5 Na5 17. c5 d5 18. Be3 Nc4 19. Qc1 Nxe3 20. Qxe3 Qxc5 21. Qxc5
bxc5 22. c4 Ba6 23. cxd5 Bxe2 24. Rfe1 Bd3 25. Rb7 Rad8 26. Rxa7 Rxd5 27. g4 c4
28. Kf2 h6 29. Rxc7 Ra5 30. Kg3 Rxa2 31. h4 Ra3 32. g5 c3 33. Re3 c2 34. Bxe4
Bc4 35. Rxc4 Rxe3+ 36. Bf3 hxg5 37. hxg5 Rf8 38. g6 Re5 39. Bg4 Kg8 40. Kf4 Re1
41. Rxc2 Rf1+ 42. Kg5 Rg1 43. Rc4 Rd8 44. Kf4 Rf1+ 45. Bf3 Kf8 46. Kg4 Rg1+ 47.
Kf4 Rf1 48. Rc3 Re1 1/2-1/2

[Event "Sardinia World Open A"]
[Site "Orosei ITA"]
[Date "2026.05.10"]
[Round "9.4"]
[White "Velten, Paul"]
[Black "Martirosyan, Haik M."]
[Result "0-1"]
[WhiteTitle "GM"]
[BlackTitle "GM"]
[WhiteElo "2487"]
[BlackElo "2636"]
[WhiteFideId "681091"]
[BlackFideId "13306553"]
[EventDate "2026.05.03"]

1. e4 c5 2. Nf3 Nc6 3. d4 cxd4 4. Nxd4 e6 5. Nc3 Qc7 6. g3 a6 7. Nxc6 dxc6 8.
Qe2 e5 9. f4 Nf6 10. f5 b5 11. g4 h6 12. g5 hxg5 13. Bxg5 Bc5 14. O-O-O Bb7 15.
Qg2 Bd4 16. Bd2 Rh7 17. Be2 b4 18. Nb1 a5 19. Bg5 Kf8 20. c3 Bc5 21. Rd3 bxc3
22. bxc3 Rb8 23. Bxf6 gxf6 24. Rg3 Ke7 25. Nd2 Bc8 26. Kc2 Bd7 27. Bc4 Be8 28.
h4 Qb6 29. Rb1 Qa7 30. Rxb8 Qxb8 31. Rg8 Be3 32. Nf3 a4 33. Qe2 Bc5 34. Qd1 Ba3
35. Kd3 Qd6+ 36. Ke2 Qxd1+ 37. Kxd1 Bc5 38. Ke2 a3 39. Bb3 Bd7 40. Kf1 Bb6 41.
Kg2 Ba5 42. Ra8 Bxc3 43. Rxa3 Bb4 44. Ra8 Rg7+ 45. Kh3 c5 46. Ba4 Bxa4 47. Rxa4
Bc3 48. Ra7+ Kd6 49. Ra6+ Ke7 50. Ra7+ Kd6 51. Nh2 c4 52. Ng4 Bd4 53. Ra8 Rxg4
54. Kxg4 c3 55. Rc8 Bc5 56. Rd8+ Kc6 57. Rd3 Bd4 58. Rd1 Be3 59. Rd3 Bd2 60. Rd8
Kb7 61. Rd7+ Kb6 62. Rxf7 c2 63. Rxf6+ Kc5 64. Rf8 Bc3 65. f6 c1=Q 66. f7 Qf4+
67. Kh5 Bb4 68. a3 Bxa3 69. Rc8+ Kd4 70. Rc7 Qxe4 0-1

[Event "Sardinia World Open A"]
[Site "Orosei ITA"]
[Date "2026.05.10"]
[Round "9.5"]
[White "Gharibyan, Mamikon"]
[Black "Puranik, Abhimanyu"]
[Result "1-0"]
[WhiteTitle "GM"]
[BlackTitle "GM"]
[WhiteElo "2477"]
[BlackElo "2607"]
[WhiteFideId "13308300"]
[BlackFideId "5061245"]
[EventDate "2026.05.03"]

1. d4 Nf6 2. c4 b6 3. f3 Nc6 4. d5 Ne5 5. e4 e6 6. Bf4 Ng6 7. Be3 Bb4+ 8. Nc3
O-O 9. Qd2 Qe7 10. h4 Nh5 11. Nge2 f5 12. exf5 exf5 13. O-O-O f4 14. Bf2 Ba6 15.
Re1 Qf7 16. a3 Bc5 17. Nd4 c6 18. Bd3 Rfe8 19. b4 Bf8 20. dxc6 dxc6 21. Nxc6 Bb7
22. b5 Bxa3+ 23. Kc2 a6 24. Rxe8+ Rxe8 25. Ra1 Bf8 26. Bxb6 Ng3 27. Nd8 Qf6 28.
c5 axb5 29. Bxb5 Rxd8 30. Qxd8 Qxd8 31. Bc4+ Kh8 32. Bxd8 Bxc5 33. h5 Ne5 34.
Bd5 Bxd5 35. Nxd5 h6 36. Nxf4 Kh7 37. Bc7 Nd7 38. Ne6 Nf5 39. Ra5 1-0

[Event "Sardinia World Open A"]
[Site "Orosei ITA"]
[Date "2026.05.10"]
[Round "9.6"]
[White "Hardaway, Brewington"]
[Black "Aditya, Mittal"]
[Result "1/2-1/2"]
[WhiteTitle "GM"]
[BlackTitle "GM"]
[WhiteElo "2510"]
[BlackElo "2619"]
[WhiteFideId "30941849"]
[BlackFideId "35042025"]
[EventDate "2026.05.03"]

1. Nf3 d5 2. g3 Bg4 3. Bg2 c6 4. d4 e6 5. h3 Bh5 6. O-O Nd7 7. c4 Ngf6 8. cxd5
exd5 9. Qb3 Qb6 10. Qe3+ Be7 11. Nh4 Bg6 12. Nc3 Nf8 13. f4 Bc2 14. Qd2 Be4 15.
Bxe4 Nxe4 16. Nxe4 dxe4 17. Nf5 Ne6 18. Nxe7 Kxe7 19. f5 Nxd4 20. Kg2 f6 21. Qf4
Rhe8 22. Be3 Rad8 23. Rad1 Kf8 24. Qf2 c5 25. b4 Qxb4 26. Rb1 Qa4 27. Rxb7 Qxa2
28. Rc1 Re5 29. g4 Nxe2 30. Rcb1 Nc3 31. Qxa2 Nxa2 32. Ra1 Nb4 33. Raxa7 Nc6 34.
Rf7+ Ke8 35. Rab7 Re7 36. Rfxe7+ Nxe7 37. Bxc5 Rd7 38. Rb8+ Kf7 39. Kf2 g6 40.
Rh8 Kg7 41. Re8 Kf7 42. Rh8 Kg7 43. Re8 Kf7 1/2-1/2

[Event "Sardinia World Open A"]
[Site "Orosei ITA"]
[Date "2026.05.10"]
[Round "9.7"]
[White "Idani, Pouya"]
[Black "Suyarov, Mukhammadzokhid"]
[Result "1-0"]
[WhiteTitle "GM"]
[BlackTitle "IM"]
[WhiteElo "2594"]
[BlackElo "2534"]
[WhiteFideId "12510130"]
[BlackFideId "14210495"]
[EventDate "2026.05.03"]

1. e4 e5 2. Nf3 Nf6 3. d4 Nxe4 4. Bd3 Nc6 5. O-O d5 6. dxe5 Bg4 7. Nc3 Nxc3 8.
bxc3 Bc5 9. Re1 Qd7 10. Rb1 O-O-O 11. h3 Bh5 12. g4 Bg6 13. Bg5 Be7 14. Ba6 bxa6
15. Qe2 Nb8 16. Bxe7 Qxe7 17. Rxb8+ Kxb8 18. Rb1+ Kc8 19. Qxa6+ Kd7 20. Qa4+ Kc8
21. Nd4 Qc5 22. Nc6 Rdf8 23. Nb8 Qb6 24. Rxb6 axb6 25. Qa7 1-0

[Event "Sardinia World Open A"]
[Site "Orosei ITA"]
[Date "2026.05.10"]
[Round "9.8"]
[White "Ohanyan, Emin"]
[Black "Jacobson, Brandon"]
[Result "0-1"]
[WhiteTitle "GM"]
[BlackTitle "GM"]
[WhiteElo "2508"]
[BlackElo "2594"]
[WhiteFideId "13312022"]
[BlackFideId "30901561"]
[EventDate "2026.05.03"]

1. e4 c5 2. Nf3 d6 3. Bb5+ Bd7 4. Bxd7+ Nxd7 5. O-O Ngf6 6. Re1 e6 7. b3 g6 8.
Bb2 Bg7 9. d4 cxd4 10. Bxd4 O-O 11. c4 a6 12. Nc3 Qa5 13. a4 Ne5 14. Rc1 Rfd8
15. h3 Nh5 16. Bxe5 dxe5 17. Qc2 Bf8 18. Red1 Bc5 19. Rd2 Rd7 20. Rxd7 Rc8 21.
Rd8+ Rxd8 22. Rd1 Rxd1+ 23. Nxd1 Bd4 24. Nb2 Nf6 25. Nd1 Nd7 26. Qd2 Qxd2 27.
Nxd2 Nc5 28. Kf1 Nd3 29. Ne3 Bxe3 30. fxe3 a5 31. Ke2 Nc5 32. Kd1 Kf8 33. Kc2
Ke7 34. Kc3 Kd6 35. b4 axb4+ 36. Kxb4 Kc6 37. a5 Nd3+ 38. Kc3 Nf2 39. Kb4 f6 40.
h4 h5 41. g3 Nd1 42. Nf1 Nf2 43. Nd2 Ng4 44. Nf1 g5 45. Kb3 Kc5 46. Kc3 Nf2 47.
Nd2 g4 48. Kb3 Nd1 49. Nf1 Nf2 50. Nd2 Nd1 51. Nf1 f5 52. Kc2 Nf2 53. exf5 exf5
54. Kc3 Ne4+ 55. Kb3 Kd6 56. Ka4 Kc5 57. Kb3 Nd6 58. Nd2 f4 59. exf4 exf4 60.
gxf4 Kd4 61. Kb4 Ke3 62. c5 Ne8 63. Kc3 Kxf4 64. Kd3 Nc7 65. Nc4 Na6 66. Ke2 Kg3
67. Kf1 Kh2 68. c6 bxc6 69. Ne3 g3 70. Ng2 Nb4 71. Ne1 Kh1 72. Ng2 c5 73. Ne1 c4
74. Ke2 c3 0-1

[Event "Sardinia World Open A"]
[Site "Orosei ITA"]
[Date "2026.05.10"]
[Round "9.9"]
[White "Lodici, Lorenzo"]
[Black "Ilinca, Felix-Antonio"]
[Result "1-0"]
[WhiteTitle "GM"]
[BlackTitle "IM"]
[WhiteElo "2590"]
[BlackElo "2486"]
[WhiteFideId "884189"]
[BlackFideId "54764998"]
[EventDate "2026.05.03"]

1. e4 c5 2. Nf3 e6 3. d4 cxd4 4. Nxd4 Nc6 5. Nc3 Qc7 6. f4 a6 7. Nxc6 bxc6 8.
Qf3 d5 9. Be3 Nf6 10. Bd4 Be7 11. Bd3 O-O 12. O-O-O Nd7 13. Qg3 f6 14. Rhe1 Nc5
15. Be2 Nb7 16. exd5 exd5 17. Qf2 Bd6 18. g3 Be6 19. Bh5 Bf5 20. Kb1 Qd7 21. Qg2
Rab8 22. g4 Be6 23. f5 Bf7 24. Bxf7+ Rxf7 25. b3 Bb4 26. Qg3 Nd6 27. Re6 Re8 28.
Rxe8+ Qxe8 29. Qd3 Bxc3 30. Bxc3 Ne4 31. Re1 Qb8 32. h3 Re7 33. Ba5 Qa7 34. a3
Re5 35. Ka2 Qc5 36. Bb4 Qb6 37. Re2 a5 38. Be1 a4 39. Bb4 Qa7 40. c4 axb3+ 41.
Kxb3 Qa6 42. Kc2 h6 43. cxd5 Qa4+ 44. Qb3 Qxb3+ 45. Kxb3 cxd5 46. Kc2 Re8 47.
Kd3 h5 48. Kd4 hxg4 49. hxg4 g6 50. a4 gxf5 51. gxf5 Kf7 52. Re3 Ra8 53. Kxd5
Rxa4 54. Rxe4 Ra7 55. Rh4 Ra4 56. Rh7+ Kg8 57. Rb7 1-0

[Event "Sardinia World Open A"]
[Site "Orosei ITA"]
[Date "2026.05.10"]
[Round "9.10"]
[White "Dronavalli, Harika"]
[Black "Sokolovsky, Yahli"]
[Result "0-1"]
[WhiteTitle "GM"]
[BlackTitle "GM"]
[WhiteElo "2470"]
[BlackElo "2564"]
[WhiteFideId "5015197"]
[BlackFideId "2820242"]
[EventDate "2026.05.03"]

1. e4 c5 2. Nf3 d6 3. d4 cxd4 4. Nxd4 Nf6 5. Nc3 a6 6. Bc4 e6 7. O-O b5 8. Bd3
b4 9. Nce2 e5 10. Nf3 Be7 11. c4 bxc3 12. Nxc3 O-O 13. Bc4 Nbd7 14. Bg5 h6 15.
Bxf6 Nxf6 16. Nd5 Nxe4 17. Re1 Nf6 18. Nd4 Bd7 19. Nxf6+ Bxf6 20. Nc2 Qb6 21. b3
e4 22. Rc1 Rae8 23. Ne3 Bd4 24. Qd2 Be6 25. Red1 Bc5 26. Bd5 Bxd5 27. Nxd5 e3
28. fxe3 Bxe3+ 29. Nxe3 Rxe3 30. Qf2 Rfe8 31. Rf1 Qb7 32. Rc2 d5 33. Qf4 Re1 34.
h3 Rxf1+ 35. Kxf1 Re4 36. Qf5 Re6 37. Kg1 Qb6+ 38. Kh2 Qd6+ 39. Kg1 g6 40. Qf1
d4 41. Rd2 Re3 42. Rd3 Re4 43. Rd1 Re3 44. Qc4 d3 45. Qc8+ Kg7 46. Qc3+ Kh7 47.
Qc4 Kg7 48. Qc3+ f6 49. Rf1 Re2 50. Qc4 Re7 51. Rd1 d2 52. Qc3 Rd7 53. Qe3 Qc6
54. Kf2 Qc2 55. Qe6 Rf7 56. Qe2 Rd7 57. Qe6 Qc5+ 58. Qe3 Qf5+ 59. Qf3 Qc2 60.
Qe2 h5 61. h4 a5 62. Qe6 Qc5+ 63. Qe3 Qf5+ 64. Qf3 Qc2 65. Qe2 Kf8 66. g3 Rd3
67. Qe6 Qc5+ 68. Kg2 Kg7 69. Qe4 Qd6 70. Qf4 Qc6+ 71. Kh2 Qd7 72. Kg2 Qe6 73.
Qf2 Qd5+ 74. Kh2 Rd4 75. Kg1 Qd7 76. Kh2 Rd3 77. Qf4 Rd4 78. Qf2 Qd6 79. Kg1 Qb4
80. Kh2 Qc3 81. Qe2 Kf7 82. Kg2 Qc2 83. Kg1 Qxa2 84. Qb5 Qa3 85. Kf2 Qb4 86. Qc6
Qe7 87. Qc3 Qd8 88. Ke2 Re4+ 89. Kf3 Qd5 90. Kf2 Qd4+ 91. Qxd4 Rxd4 92. Ke3 Rd5 0-1

[Event "Sardinia World Open A"]
[Site "Orosei ITA"]
[Date "2026.05.10"]
[Round "9.11"]
[White "Atanasov, Anthony"]
[Black "Smirin, Ilia"]
[Result "1/2-1/2"]
[WhiteTitle "IM"]
[BlackTitle "GM"]
[WhiteElo "2470"]
[BlackElo "2562"]
[WhiteFideId "2623897"]
[BlackFideId "2801990"]
[EventDate "2026.05.03"]

1. d4 Nf6 2. Nf3 g6 3. c4 Bg7 4. Nc3 d6 5. e4 O-O 6. Rb1 a5 7. h3 e5 8. Be3 Na6
9. Bd3 Nb4 10. Be2 exd4 11. Nxd4 Re8 12. a3 Na6 13. f3 Nh5 14. O-O f5 15. Ndb5
Ng3 16. Rf2 fxe4 17. Nxe4 Nxe2+ 18. Rxe2 Bf5 19. Bd4 Bxe4 20. Rxe4 Rxe4 1/2-1/2

[Event "Sardinia World Open A"]
[Site "Orosei ITA"]
[Date "2026.05.10"]
[Round "9.12"]
[White "Raghav V"]
[Black "Zeng, Chongsheng"]
[Result "0-1"]
[WhiteTitle "FM"]
[BlackTitle "GM"]
[WhiteElo "2301"]
[BlackElo "2557"]
[WhiteFideId "25922475"]
[BlackFideId "8603847"]
[EventDate "2026.05.03"]

1. e4 c6 2. d4 d5 3. e5 Bf5 4. g4 Be4 5. f3 Bg6 6. e6 Qd6 7. exf7+ Bxf7 8. Nc3
Nd7 9. f4 Ngf6 10. Bh3 g6 11. Nf3 Be6 12. Ne5 h5 13. Nxg6 hxg4 14. Nxh8 gxh3 15.
Ng6 O-O-O 16. Qf3 Bf5 17. Ne5 Qb4 18. Bd2 Qxb2 19. O-O Bh6 20. Rfc1 Rg8+ 21. Kf1
Rg2 22. Rab1 Qa3 23. Qe3 Qa6+ 24. Nb5 cxb5 25. Bb4 Ne4 26. Ke1 0-1

[Event "Sardinia World Open A"]
[Site "Orosei ITA"]
[Date "2026.05.10"]
[Round "9.13"]
[White "Sonis, Francesco"]
[Black "Kuru, Atilla"]
[Result "0-1"]
[WhiteTitle "GM"]
[BlackTitle "IM"]
[WhiteElo "2556"]
[BlackElo "2464"]
[WhiteFideId "895733"]
[BlackFideId "51607948"]
[EventDate "2026.05.03"]

1. e4 c5 2. Nf3 d6 3. d4 cxd4 4. Nxd4 Nf6 5. Nc3 Nc6 6. Bg5 Bd7 7. Qd2 Rc8 8. f3
a6 9. O-O-O Nxd4 10. Qxd4 Qa5 11. h4 h6 12. Bd2 g6 13. Kb1 Bg7 14. Nd5 Qa4 15.
Qxa4 Bxa4 16. b3 Nxd5 17. exd5 Bd7 18. Bd3 Bf5 19. Bc1 h5 20. Bg5 Bc3 21. Rhf1
Kd7 22. Rf2 Rhe8 23. Re2 b5 24. Be4 e6 25. Bf4 e5 26. Bg5 Bxe4 27. fxe4 f5 28.
Rf1 Rf8 29. Bh6 Rf7 30. Ref2 Bd4 31. Rf3 Rh7 32. Bd2 fxe4 33. Rf7+ Rxf7 34.
Rxf7+ Ke8 35. Rh7 e3 36. Be1 Bc3 37. Bxc3 Rxc3 38. Kc1 Rc5 39. Kd1 Rxd5+ 40. Ke2
Rd2+ 41. Kxe3 Rxc2 42. g3 Rxa2 0-1

[Event "Sardinia World Open A"]
[Site "Orosei ITA"]
[Date "2026.05.10"]
[Round "9.14"]
[White "Yilmaz, Mustafa"]
[Black "Lortkipanidze, Nodar"]
[Result "1-0"]
[WhiteTitle "GM"]
[BlackTitle "IM"]
[WhiteElo "2549"]
[BlackElo "2363"]
[WhiteFideId "6302718"]
[BlackFideId "13604058"]
[EventDate "2026.05.03"]

1. d4 d5 2. c4 dxc4 3. Nf3 c5 4. e4 cxd4 5. Qxd4 Qxd4 6. Nxd4 Bd7 7. Bxc4 Nc6 8.
Be3 a6 9. Nd2 Nf6 10. f3 e6 11. Kf2 Rc8 12. Rhc1 Bd6 13. Be2 b5 14. N4b3 Ke7 15.
Nc5 Nb8 16. g3 Rc7 17. Nxd7 Nbxd7 18. Rxc7 Bxc7 19. a4 Rb8 20. axb5 axb5 21. Nb3
Bb6 22. Nd4 Bxd4 23. Bxd4 e5 24. Bc3 b4 25. Bd2 Nc5 26. Ra5 Nfd7 27. Rb5 Rxb5
28. Bxb5 b3 29. Bb4 Ke6 30. Ke3 f5 31. exf5+ Kxf5 32. Bc6 h5 33. Kd2 e4 34. Bxc5
Nxc5 35. Bxe4+ Nxe4+ 36. fxe4+ Kxe4 37. Kc3 Kf3 38. Kxb3 g5 39. Kc4 h4 40. b4
Kg2 41. b5 Kxh2 42. b6 Kg2 43. b7 h3 44. b8=Q h2 45. Qb7+ Kg1 46. Qb1+ Kg2 47.
Qe4+ Kg1 48. Qe3+ Kg2 49. Qxg5 1-0

[Event "Sardinia World Open A"]
[Site "Orosei ITA"]
[Date "2026.05.10"]
[Round "9.15"]
[White "Averin, Nikolay"]
[Black "Sai, Krishna G V"]
[Result "1/2-1/2"]
[WhiteTitle "IM"]
[BlackTitle "IM"]
[WhiteElo "2416"]
[BlackElo "2443"]
[WhiteFideId "24250473"]
[BlackFideId "5028280"]
[EventDate "2026.05.03"]

1. e4 e5 2. Nf3 Nc6 3. Bb5 a6 4. Ba4 Nf6 5. O-O Be7 6. Re1 b5 7. Bb3 O-O 8. a4
Na5 9. axb5 Nxb3 10. cxb3 Bb7 11. bxa6 d5 12. d3 dxe4 13. dxe4 Qxd1 14. Rxd1
Nxe4 15. Nxe5 Bxa6 16. Be3 Be2 17. Rxa8 Rxa8 18. Rc1 Bf6 19. f4 Ra1 20. Nc3
Rxc1+ 21. Bxc1 Nxc3 22. bxc3 Bxe5 23. fxe5 Kf8 24. Kf2 Bd1 25. b4 Ke7 26. Ke3 c6
27. Kd4 Kd7 28. Kc5 Be2 29. Be3 h5 30. Bd4 g6 31. g3 Bf1 1/2-1/2

[Event "Sardinia World Open A"]
[Site "Orosei ITA"]
[Date "2026.05.10"]
[Round "9.16"]
[White "Saric, Ivan"]
[Black "Kreken, Eivind Grunt"]
[Result "1-0"]
[WhiteTitle "GM"]
[BlackTitle "FM"]
[WhiteElo "2657"]
[BlackElo "2325"]
[WhiteFideId "14508150"]
[BlackFideId "1532359"]
[EventDate "2026.05.03"]

1. e4 g6 2. d4 Bg7 3. Nf3 d6 4. c4 c5 5. d5 Nf6 6. Nc3 O-O 7. h3 e6 8. Bd3 exd5
9. exd5 Re8+ 10. Be3 Rxe3+ 11. fxe3 Qe7 12. O-O Nbd7 13. Qe1 b6 14. Qf2 Ba6 15.
a4 Rf8 16. a5 Qd8 17. axb6 Qxb6 18. g4 Bc8 19. Qh4 a6 20. Rf2 Ne8 21. Raf1 Ne5
22. Nxe5 Bxe5 23. Ne4 f6 24. Nxf6+ Nxf6 25. Rxf6 Rxf6 26. Rxf6 Bxf6 27. Qxf6 Qb3
28. Qd8+ Kg7 29. Qc7+ Kh6 30. g5+ Kxg5 31. Qe7+ Kh6 32. Qf8+ Kh5 33. Be2+ Kh4
34. Qf4+ 1-0

[Event "Sardinia World Open A"]
[Site "Orosei ITA"]
[Date "2026.05.10"]
[Round "9.17"]
[White "Castellanos Villela, Alejandro"]
[Black "Favaloro, Andrea"]
[Result "1/2-1/2"]
[WhiteTitle "FM"]
[BlackTitle "IM"]
[WhiteElo "2271"]
[BlackElo "2395"]
[WhiteFideId "3446379"]
[BlackFideId "885940"]
[EventDate "2026.05.03"]

1. e4 e5 2. Nf3 Nc6 3. Bc4 Bc5 4. c3 Nf6 5. d4 exd4 6. e5 d5 7. Bb5 Ne4 8. cxd4
Bb6 9. Nc3 O-O 10. Be3 Bg4 11. h3 Bh5 12. Qc2 Ba5 13. O-O Bxf3 14. gxf3 Nxd4 15.
Bxd4 Qg5+ 16. Kh1 Bxc3 17. bxc3 Qf5 18. Rfc1 Qxh3+ 19. Kg1 Ng5 20. Be2 Nxf3+ 21.
Bxf3 Qxf3 22. Qd1 Qf5 23. Kf1 Qg6 24. Qf3 b6 25. Qg3 Rae8 26. c4 c5 27. Qxg6
fxg6 28. Bb2 d4 29. Re1 Rf5 30. Re4 Rfxe5 31. Rxe5 Rxe5 32. Re1 Rxe1+ 33. Kxe1
g5 34. Bc1 h6 35. Ke2 Kf7 36. Kf3 Ke6 37. Ke4 a6 38. a4 Kd6 39. Bd2 Kc6 40. f3
b5 41. axb5+ axb5 42. cxb5+ Kxb5 43. Kd3 g6 44. Bc1 Kb4 45. Bd2+ Kb3 46. Bc1 Kb4
47. Bd2+ Kb5 48. Bc1 Kc6 49. Kc4 Kd6 50. Bd2 Ke5 51. Kxc5 g4 52. fxg4 g5 53. Kc4
Ke4 54. Bc1 Kf3 55. Kxd4 Kxg4 56. Ke3 Kg3 57. Ke2 h5 1/2-1/2

[Event "Sardinia World Open A"]
[Site "Orosei ITA"]
[Date "2026.05.10"]
[Round "9.18"]
[White "Aamuktha Guntaka"]
[Black "Niedbala, Bartlomiej"]
[Result "0-1"]
[WhiteTitle "WFM"]
[BlackTitle "IM"]
[WhiteElo "2152"]
[BlackElo "2378"]
[WhiteFideId "33486697"]
[BlackFideId "21834008"]
[EventDate "2026.05.03"]

1. e4 c5 2. Nf3 d6 3. d4 cxd4 4. Nxd4 Nf6 5. Nc3 a6 6. Be3 Ng4 7. Bc1 Nf6 8. Be3
e5 9. Nb3 Be6 10. f3 h5 11. Nd5 Bxd5 12. exd5 Nbd7 13. Qd2 g6 14. O-O-O Bg7 15.
Kb1 Qc7 16. Be2 O-O 17. g4 Rfc8 18. Rc1 hxg4 19. fxg4 a5 20. g5 a4 21. gxf6 Nxf6
22. Qd3 axb3 23. Qxb3 Ne4 24. Rhg1 Qa5 25. c3 Kh7 26. Bd3 Nf6 27. Bb5 Bh6 28.
Bxh6 Kxh6 29. a4 Kg7 30. Rcf1 Rh8 31. Qc2 Raf8 32. Rg2 Rh6 33. Qd2 Nh5 34. Rgf2
f5 35. Qg5 Qd8 36. Rxf5 Qxg5 37. Rxg5 Nf4 38. c4 Rxh2 39. c5 Kf6 40. Rg4 dxc5
41. d6 g5 42. d7 Rd2 43. Rfg1 Rg8 44. Rc1 Ne6 45. Rf1+ Nf4 46. Rc1 b6 47. a5
bxa5 48. Rxc5 Rh8 49. Rc8 Rh1+ 50. Ka2 Ne6 51. Bc4 Rxd7 52. Bxe6 Kxe6 53. Rxg5
Re1 54. Rc6+ Kd5 55. Ra6 Kd4 56. Rxa5 e4 57. Ra4+ Kd3 58. Re5 e3 59. Rae4 Kd2
60. b4 Rd3 61. b5 Rc1 62. b6 Rc2+ 63. Kb1 Rb3+ 64. Ka1 Kc1 0-1

[Event "Sardinia World Open A"]
[Site "Orosei ITA"]
[Date "2026.05.10"]
[Round "9.19"]
[White "Swara Lakshmi S Nair"]
[Black "Vantika, Agrawal"]
[Result "0-1"]
[WhiteTitle "WFM"]
[BlackTitle "IM"]
[WhiteElo "2098"]
[BlackElo "2367"]
[WhiteFideId "25629239"]
[BlackFideId "25050389"]
[EventDate "2026.05.03"]

1. e4 c5 2. Nf3 d6 3. d4 cxd4 4. Nxd4 Nf6 5. Nc3 a6 6. h3 e5 7. Nf3 Qc7 8. a4
Be7 9. Be2 Be6 10. Nh2 Nc6 11. Ng4 Nxg4 12. Bxg4 Nb4 13. O-O O-O 14. Be3 Qc6 15.
Bf3 Rad8 16. Qd2 d5 17. exd5 Nxd5 18. Rfd1 Nxe3 19. Qxe3 Qc7 20. Nd5 Bxd5 21.
Bxd5 b6 22. c3 a5 23. Rd3 Bc5 24. Qe2 g6 25. Rad1 Rde8 26. Qe4 Kg7 27. Bc6 Re6
28. Bb5 Rf6 29. Rf3 Rxf3 30. Qxf3 Qe7 31. Rd7 Qe6 32. Qe4 Qf6 33. Rd2 h5 34. Re2
Rd8 35. g3 Bd6 36. Rd2 Qg5 37. Rd1 Qe7 38. b4 Rc8 39. Qd3 Bb8 40. Ba6 Rf8 41.
Qb5 h4 42. Kg2 hxg3 43. fxg3 Qc7 44. Rd3 e4 45. Re3 Rd8 46. Qc4 Rd2+ 47. Kf1 Qd7
48. Bc8 Qxa4 49. Qxe4 Qa1+ 50. Re1 Qxc3 51. Bg4 Qxg3 52. Re2 Rd1+ 53. Re1 Rxe1+
54. Qxe1 Qf4+ 55. Kg2 axb4 56. Qd1 Qg3+ 57. Kf1 b3 58. Qd4+ Be5 59. Qxb6 b2 60.
Qb5 Qf4+ 61. Kg1 Bd4+ 62. Kg2 Qf2+ 0-1

[Event "Sardinia World Open A"]
[Site "Orosei ITA"]
[Date "2026.05.10"]
[Round "9.20"]
[White "Shilon Rahav, Eliran"]
[Black "Dardha, Daniel"]
[Result "0-1"]
[WhiteTitle "FM"]
[BlackTitle "GM"]
[WhiteElo "2340"]
[BlackElo "2602"]
[WhiteFideId "2844958"]
[BlackFideId "240990"]
[EventDate "2026.05.03"]

1. e4 c5 2. Nf3 Nc6 3. Bb5 Nf6 4. Nc3 g6 5. O-O Bg7 6. d3 O-O 7. h3 Nd4 8. Re1
Nxb5 9. Nxb5 d6 10. e5 dxe5 11. Nxe5 Nd5 12. c4 Nc7 13. Nxc7 Qxc7 14. Bf4 Qd8
15. b4 cxb4 16. d4 e6 17. Rc1 a5 18. Qd2 Ra6 19. Bh6 Bxh6 20. Qxh6 Rd6 21. Nf3
f6 22. Re4 b6 23. c5 Rc6 24. h4 Rf7 25. h5 g5 26. Rce1 Qf8 27. Qxf8+ Rxf8 28. d5
exd5 29. Re7 bxc5 30. h6 Bf5 31. Rg7+ Kh8 32. Ra7 d4 33. Rxa5 d3 34. Kh2 Bg6 35.
Rb5 c4 36. Rxb4 c3 37. Rd4 d2 38. Nxd2 cxd2 39. Rxd2 Rc2 40. Rxc2 Bxc2 41. Re7
Bg6 42. a4 Ra8 43. Rb7 Kg8 44. Rb4 Bc2 45. Rc4 Bb3 46. Rc7 Rxa4 47. Rg7+ Kh8 48.
g3 Ra2 49. Kg1 Ra1+ 50. Kg2 Bd5+ 51. f3 Ra2+ 52. Kf1 Rh2 0-1

[Event "Sardinia World Open A"]
[Site "Orosei ITA"]
[Date "2026.05.10"]
[Round "9.21"]
[White "Hercegovac, Neven"]
[Black "Fier, Alexandr"]
[Result "1/2-1/2"]
[WhiteTitle "FM"]
[BlackTitle "GM"]
[WhiteElo "2307"]
[BlackElo "2578"]
[WhiteFideId "2839135"]
[BlackFideId "2107139"]
[EventDate "2026.05.03"]

1. e4 c5 2. Nc3 Nc6 3. Nf3 e6 4. d4 cxd4 5. Nxd4 Qc7 6. Be3 a6 7. Qf3 h5 8.
O-O-O Ne5 9. Qg3 h4 10. Qh3 Ng6 11. Kb1 b5 12. Bc1 Nf6 13. Qe3 Bb7 14. f3 Rc8
15. Qf2 Bb4 16. Bd2 Bd6 17. Be3 Bxh2 18. Ndxb5 axb5 19. Nxb5 Qg3 20. Rxh2 Qxh2
21. Nd6+ Kf8 22. Nxb7 d5 23. Bc5+ Kg8 24. Bd6 e5 25. exd5 h3 26. Rd2 hxg2 27.
Qxg2 Qxg2 28. Bxg2 Nf4 29. b3 Nd7 30. Kc1 Rh2 31. Bf1 Rh1 32. Rd1 Nxd5 33. Bd3
Rxd1+ 34. Kxd1 Rc6 35. c4 Nc3+ 36. Kd2 Nxa2 37. c5 Nf6 38. Bb5 Rc8 39. Bxe5 Nd5
40. Bd7 Ra8 41. Kd3 Ra7 42. c6 Nb6 43. Kd4 Nc1 44. Nc5 Nxb3+ 45. Nxb3 Nxd7 46.
cxd7 Rxd7+ 47. Ke4 f6 48. Bd4 Kf7 49. Nc5 Re7+ 50. Kf4 Kg6 51. Kg4 Ra7 52. f4
Ra5 53. f5+ Kf7 54. Be3 Rb5 55. Kf3 Rb4 56. Nd3 Rb3 57. Nf4 Rb1 58. Ke4 Rf1 59.
Bd4 Kg8 60. Be3 Kh7 1/2-1/2